Das Ultimative WM-Quiz - Statistiken

Allgemein
  • Dieses Quiz wurde 406 mal gespielt
  • Das Durchschnittsergebnis liegt bei 38 aus 77
Antwortstatistiken
Antwort % Korrekt
Argentinien
98%
Brasilien
98%
BR Deutschland
98%
Deutschland
98%
Frankreich
98%
Italien
96%
Spanien
96%
Kanada/USA/Mexiko
95%
Russland
95%
Uruguay
94%
USA
92%
Katar
91%
Japan/Südkorea
90%
Kroatien
90%
England
89%
Niederlande
89%
Südafrika
87%
Lionel Messi
86%
Portugal
83%
Gerd Müller
82%
Marokko
82%
Mexiko
82%
Ronaldo Názario
82%
Thomas Müller
82%
Schweden
81%
Belgien
80%
Kylian Mbappé
80%
Schweiz
78%
Philipp Lahm
77%
Ungarn
75%
Südkorea
70%
Miroslav Klose
69%
Chile
68%
Österreich
68%
Türkei
67%
Polen
62%
Sowjetunion
59%
Jugoslawien
52%
Hugo Lloris
51%
Bulgarien
46%
Harry Kane
45%
Iker Casillas
43%
James Rodriguez
43%
Franz Beckenbauer
41%
Tschechoslowakei
39%
Lothar Matthäus
37%
Diego Maradona
36%
Fabio Cannavaro
30%
Fritz Walter
25%
Cafu
24%
Didier Deschamps
18%
Just Fontaine
18%
Paolo Rossi
12%
Davor Šuker
11%
Eusébio
11%
Garrincha
11%
Mauro Ramos
11%
Gary Lineker
9%
Mario Kempes
9%
Bobby Moore
8%
Carlos Dunga
7%
Dino Zoff
6%
Giuseppe Meazza
6%
Grzegorz Lato
6%
Oleg Salenko...
6%
Carlos Alberto
5%
Salvatore Schillaci
5%
Leônidas da Silva
4%
Sándor Kocsis
3%
Daniel Passarella
2%
Guillermo Stábile
2%
Ademir de Menezes
1%
Oldřich Nejedlý
1%
Gianpeiro Combi
0%
Hilderaldo Bellini
0%
José Nasazzi
0%
Obdulio Varela
0%
Keine übereinstimmenden Quizze gefunden
Verteilung der Resultate
Anzahl Personen mit jedem Resultat
Perzentil nach korrekt beantworteten Fragen
Ihre Resultats-Entwicklung
Sie haben dieses Quiz noch nicht gespielt